Online Catalogue and eLibrary

Buddhism and ethnicity in Sri Lanka : (Record no. 927)

MARC details
000 -LEADER
fixed length control field 00260nam a2200097Ia 4500
008 - FIXED-LENGTH DATA ELEMENTS--GENERAL INFORMATION
fixed length control field 240331s9999 xx 000 0 und d
082 ## - DDC Classification
Class No. 294.3
Item Number - Author Mark WIC
100 ## - MAIN ENTRY--PERSONAL NAME
Personal name Wickramarathne, A
245 #0 - TITLE STATEMENT
Title Buddhism and ethnicity in Sri Lanka :
Remainder of title a historical analrsis
942 ## - Koha item type (Biblio)
Koha item type Books in Stacks (Lending)
Holdings
Lost status Damaged status Collection code Home library Current library Shelving location Date acquired Full call number Accession Number Item type
    Lending WERC Library WERC Library Social Science Cupboard 03/31/2024 294.3 WIC 5195 Books in Stacks (Lending)

© WERC Library